El positivismo lógico.

Збережено в:
Бібліографічні деталі
Автор: Ayer, Alfred Jules (compilador)
Інші автори: Aldama, L. (traducción), Frish, U., Molina, C. N. (traducción), Torner, F. M. (traducción), Ruiz Harrell, Rafael (traducción)
Формат: Книга
Мова:Іспанська
Опубліковано: México D.F., México: Fondo de Cultura Económica, 1965.
Редагування:Primera edición en español.
Серія:Sección de obras de filosofía.
Предмети:
Теги: Додати тег
Немає тегів, Будьте першим, хто поставить тег для цього запису!

MARC

LEADER 00000nam a2200000 a 4500
001 UCZ2331
003 CL-VaPUC
005 20220105132543.0
008 950929e19650000MX |||||||||||||||||spa|d
999 |c 238957  |d 238955 
040 |c Pontificia Universidad Católica de Valparaíso 
082 0 4 |a 146.42 AYE 1965  |2 21 
100 |a Ayer, Alfred Jules  |e compilador  |9 309502 
245 1 3 |a El positivismo lógico. 
250 |a Primera edición en español. 
260 |a México D.F., México:  |b Fondo de Cultura Económica,  |c 1965. 
300 |a 412 páginas.  
490 0 |a Sección de obras de filosofía. 
583 |a last modification  |c 19950929 00:00:00  |k Rodrigo Vera 
650 0 |a Positivismo  |9 269460 
650 0 |a Positivismo lógico  |2 CL-VaPUC  |9 255539 
650 0 |a Escuelas filosóficas   |9 266232 
650 0 |a Empirismo  |9 255037 
700 |a Aldama, L.  |e traducción  |9 865578 
700 |a Frish, U.  |9 865579 
700 |a Molina, C. N.  |e traducción  |9 865580 
700 |a Torner, F. M.  |e traducción  |9 865581 
700 |a Ruiz Harrell, Rafael  |9 599645  |e traducción 
942 |c BK  |2 ddc 
945 |d 19950929 00:00:00  |a lriquelm 
952 |0 0  |1 0  |4 0  |6 146_420000000000000_AYE_1965  |7 0  |8 A  |9 249669  |a BIBEDU  |b BIBEDU  |d 2019-11-18  |i 156711K  |o 146.42 AYE 1965  |p 156711K  |r 2019-11-18  |w 2019-11-18  |y BK  |k FIL 
952 |0 0  |1 0  |4 0  |6 146_420000000000000_AYE_1965  |7 0  |8 A  |9 249670  |a BIBART  |b BIBART  |d 2019-11-18  |i 3427234  |o 146.42 AYE 1965  |p 3427234  |r 2025-03-13  |w 2019-11-18  |y BK  |k ART 
952 |0 0  |1 0  |4 0  |6 146_420000000000000_AYE_1965  |7 0  |8 A  |9 249671  |a FDOPOS  |b FDOPOS  |d 2019-11-18  |i 4360508  |o 146.42 AYE 1965  |p 4360508  |r 2025-01-22  |w 2019-11-18  |y BK  |k MLA 
952 |0 0  |1 0  |2 ddc  |4 0  |6 146_420000000000000_AYE_1965  |7 1  |8 C_AGB  |9 580078  |a BIBDER  |b BIBDER  |d 2022-01-04  |e Donación   |i 5634571  |o 146.42 AYE 1965  |p 5634571  |r 2023-01-25  |t 4  |w 2022-01-04  |y BK_US  |k AGB